Manual de estilos arquitectónicos : (Registro nro. 21816)

Detalles MARC
000 -Cabecera
Campo de control interno 00834nam a2200253Ia 4500
005 - Fecha y hora del registro
control field 20260320113315.0
008 - Elementos de Longitud Fija
fixed length control field 260320s9999||||xx |||||||||||||| ||und||
020 ## - ISBN
ISBN 9788425235566
041 ## - Idioma
Codigo Idioma ESP
082 ## - DEWEY y NOTACIÓN INTERNA
Dewey 720.9
Notación Interna F57
100 ## - AUTOR
Autor denominación Fletcher, Margaret,
Término de relación autor
245 #0 - TÍTULO DE MATERIAL BIBLIOGRÁFICO
Título Manual de estilos arquitectónicos :
Título paralelo una guía visual
246 ## - TÍTULO TRADUCIDO
Título Architectural styles :
Título paralelo a visual guide
Autor
260 ## - CIUDAD, EDITORIAL, AÑO
Ciudad Barcelona :
Nombre de la Editorial GG,
Año 2025
300 ## - DESCRIPCIÓN
N° Páginas 287 páginas :
Otros detalles ilustraciones ;
Dimensiones 23 cm.
Material Adicional
440 ## - MENCIÓN DE SERIE
Título de la Serie
Número de Serie
Volumen de Serie
650 ## - TEMAS
Temas Las Artes
653 ## - DESCRIPTORES
Lenguajes no controlado Arquitectura; Estilos arquitectónicos
654 ## - PROGRAMAS
Programa Dpto. Arquitectura y Urbanismo
700 ## - OTROS AUTORES
Otros autores Orts, Patricia,
Títulos y otras palabras asociadas con el nombre traductor
856 ## - URL - UBICACIÓN
URI/URL: Enlace exacto del recurso <a href="https://aplust-net.ucsp.lookproxy.com/area-privada/biblioteca-digital/">https://aplust-net.ucsp.lookproxy.com/area-privada/biblioteca-digital/</a>
Nota pública: Versión digital <a href="Véase además: Base de datos A+T Architecture Publishers">Véase además: Base de datos A+T Architecture Publishers</a>
942 ## - ELEMENTOS DE KOHA
Tipo de documento Libro
Nombre del creador Justo Noguera
Código de catalogador Margarita Torres
Esquema de clasificación Dewey Decimal Classification
Suppress in OPAC
Existencias
Codigo completo Registro Colección Copia número Disponibilidad Tipo de préstamo Biblioteca Actual Procedencia (Biblioteca) Ubicacón Fecha Ingreso Tipo de Adquisición Observación Date last seen Total checkouts Price effective from Tipo de Item Estado del Material Fuente de Clasificación Damaged status Withdrawn status
720.9 F57 1085515 Universidad Católica San Pablo 1 Disponible Disponible Víctor Andrés Belaunde Víctor Andrés Belaunde Segundo piso 10/03/2026 Compra Arquitectura 20/03/2026   20/03/2026 Libro Bueno Dewey Decimal Classification